Sports Quiz

Random Sports or Basketball Quiz

NBA Rebound Leaders by Season Quiz Stats

Quiz not verified by Sporcle

Also try: Top NCAA Nicknames
Challenge
Share
Tweet
Embed
Score 0/30 Timer 05:00
2 Plays Today
Year Player % Correct
2007-08Dwight Howard
90.9%
2008-09Dwight Howard
90.9%
1991-92Dennis Rodman
85.4%
1992-93Dennis Rodman
85.4%
1993-94Dennis Rodman
85.4%
1994-95Dennis Rodman
85.4%
1995-96Dennis Rodman
85.4%
1996-97Dennis Rodman
85.4%
1997-98Dennis Rodman
85.4%
1990-91David Robinson
79.5%
1988-89Hakeem Olajuwon
79%
1989-90Hakeem Olajuwon
79%
1980-81Moses Malone
74.4%
1981-82Moses Malone
74.4%
1982-83Moses Malone
74.4%
Year Player % Correct
1983-84Moses Malone
74.4%
1984-85Moses Malone
74.4%
2003-04Kevin Garnett
74.3%
2004-05Kevin Garnett
74.3%
2005-06Kevin Garnett
74.3%
2006-07Kevin Garnett
74.3%
2001-02Ben Wallace
68%
2002-03Ben Wallace
68%
1999-00Dikembe Mutombo
58.2%
2000-01Dikembe Mutombo
58.2%
1986-87Charles Barkley
57%
1985-86Bill Laimbeer
25.2%
1998-99Chris Webber
22.6%
1987-88Michael Cage
6.8%
1979-80Swen Nater
5.3%

You're not logged in!

Compare scores with friends on all Sporcle quizzes.
Sign Up with Email
OR
Log In

You Might Also Like...

Show Comments

Extras

Top Quizzes Today


Score Distribution

Your Account Isn't Verified!

In order to create a playlist on Sporcle, you need to verify the email address you used during registration. Go to your Sporcle Settings to finish the process.

Report this User

Report this user for behavior that violates our Community Guidelines.

Details: